| 000 | 00419nam a2200109Ia 4500 | ||
|---|---|---|---|
| 008 | 171204s9999 xx 000 0 und d | ||
| 245 | 4 | _aThe Routledge Companion To The Future Of Marketing: (Routledge Companions in Business, Management and Accounting) | |
| 245 | _cEnrique Bigné and Luiz Moutinho | ||
| 260 | _c2015 | ||
| 650 | _xMARKETING MANAGEMENT | ||
| 856 | _uhttp://down.ebook777.com/028/TheRouComToTheFutOfMar.pdf | ||
| 999 |
_c347034 _d347034 |
||